|
|
|
|
| LEADER |
00808pam a22002298a 4500 |
| 001 |
00038383 |
| 005 |
20171026081023.0 |
| 008 |
170515s2012 ||||||Viesd |
| 041 |
0 |
# |
|a Vie
|
| 082 |
1 |
4 |
|a 338
|b B103T
|
| 100 |
1 |
# |
|a Hoàng, Trọng
|
| 245 |
1 |
0 |
|a Bài tập và bài giải thống kê ứng dụng trong kinh tế - xã hội
|c Hoàng Trọng, Chu Nguyễn Mộng Ngọc
|
| 260 |
# |
# |
|a Hà Nội
|b Lao động xã hội
|c 2012
|
| 300 |
# |
# |
|a 166tr.
|c 24 cm
|
| 653 |
# |
# |
|a Thống kê
|
| 700 |
1 |
# |
|a Chu, Nguyễn Mộng Ngọc
|
| 852 |
# |
# |
|b Kho mượn
|j KM.0021830
|
| 852 |
# |
# |
|b Kho đọc
|j KD.0020782
|
| 852 |
# |
# |
|j KD.0020782
|j KM.0021830
|
| 910 |
|
|
|d 15/05/2017
|
| 980 |
# |
# |
|a Trung tâm Học liệu Lê Vũ Hùng, Trường Đại học Đồng Tháp
|